000 00983nam a2200217Ia 4500
003 Ost
005 20260507075236.0
008 260507s9999||||xx |||||||||||||| ||und||
040 _cfsecg
041 _aara
082 _a330
100 _aخليفي، عيسى
_eمؤلف
245 0 _aالتغيرات في قيمة النقود :
_bالآثار و العلاج في الاقتصاد الاسلامي /
_c عيسى خليفي
260 _aعمان:
_bدار النفائس,
_c2011
300 _a277 صفحة؛
_c24 سم
504 _aمراجع ص.243
520 _aمدخل عام للنقود في الاقتصاد الوضعي و الاقتصاد الاسلامي ، قيمة النقود و تقلباتها ، آثار التغيرات في قيمة النقود ، علاج آثار التغيرات في قيمة النقود في الاقتصاد الاسلامي ، .
653 _aالاقتصاد الاسلامي
653 _aالنقود
942 _cكتاب
999 _c43591
_d43591